| 000 | 01742nam a2200457Ii 4500 | ||
|---|---|---|---|
| 001 | DIGLIBASTRD0147 | ||
| 003 | NyNyDIG | ||
| 008 | 221025s2016 sp o 001 f spa d | ||
| 006 | m o d | ||
| 007 | cr ||||||||||| | ||
| 035 | _a(OCoLC)1004955824 | ||
| 040 |
_aDGITA _beng _erda _epn _cDGITA |
||
| 020 |
_a9788416213955 _qeBook |
||
| 020 | _z9788416213849 | ||
| 041 | 1 |
_aspa _hger |
|
| 043 | _ae-gw--- | ||
| 050 | 1 | 4 | _aPT2678.O84 ebook |
| 100 | 1 |
_aRothmann, Ralf, _eauthor. |
|
| 240 | 1 | 0 |
_aIm Frühling sterben. _lSpanish _s(Andreu) |
| 245 | 1 | 0 |
_aMorir en primavera / _cRalf Rothmann ; traducción de Carles Andreu. |
| 264 | 1 |
_aBarcelona, España : _bLibros del Asteroide, _c2016. |
|
| 300 | _a1 online resource. | ||
| 336 |
_atext _btxt _2rdacontent |
||
| 337 |
_acomputer _bc _2rdamedia |
||
| 338 |
_aonline resource _bcr _2rdacarrier |
||
| 347 |
_atext file _2rdaft |
||
| 347 | _bEPUB | ||
| 500 | _aIncludes index. | ||
| 588 | 0 | _aOnline resource; title from ePub title page (Digitalia, viewed October 25, 2022) | |
| 650 | 0 |
_aWorld War, 1939-1945 _zGermany _vFiction. |
|
| 650 | 0 |
_aWorld War, 1939-1945 _xYouth _vFiction. |
|
| 655 | 7 |
_aNovels. _2lcgft |
|
| 700 | 1 |
_aAndreu, Carles, _etranslator. |
|
| 700 | 1 |
_iTranslation of: _aRothmann, Ralf. _tIm Frühling sterben. |
|
| 791 | 2 |
_aDigitalia (Firm), _edistributor. |
|
| 793 | 0 |
_gDigitalia eBook Collection: _aLibros del Asteroide |
|
| 776 | 0 | 8 |
_iPrint version: _aRothmann, Ralf. _sIm Frühling sterben. Spanish (Andreu). _tMorir en primavera. _bPrimera edición. _dBarcelona, España : Libros del Asteroide, 2016 _z9788416213849 |
| 856 | 4 | 0 |
_3Digitalia Hispánica _uhttps://www.digitaliapublishing.com/a/50585/ |
| 910 | _aPremium collection: 2022 | ||
| 942 | _cRAA | ||
| 999 |
_c251828 _d251828 |
||